Shadowmancer / (Record no. 3080)

MARC details
000 -LEADER
fixed length control field 01209pam a2200361 a 4500
001 - CONTROL NUMBER
control field 3080
003 - CONTROL NUMBER IDENTIFIER
control field FISKH
005 - DATE AND TIME OF LATEST TRANSACTION
control field 20240202160915.0
008 - FIXED-LENGTH DATA ELEMENTS--GENERAL INFORMATION
fixed length control field 030630r20032002enka j 000 1 eng d
010 ## - LIBRARY OF CONGRESS CONTROL NUMBER
LC control number 2004444620
015 ## - NATIONAL BIBLIOGRAPHY NUMBER
National bibliography number GBA3-X7526
020 ## - INTERNATIONAL STANDARD BOOK NUMBER
International Standard Book Number 0571220460
020 ## - INTERNATIONAL STANDARD BOOK NUMBER
International Standard Book Number 051488007999
035 ## - SYSTEM CONTROL NUMBER
System control number (OCoLC)ocm52057785
040 ## - CATALOGING SOURCE
Original cataloging agency UKM
Transcribing agency UKM
Modifying agency DLC
Language of cataloging eng
042 ## - AUTHENTICATION CODE
Authentication code lcac
-- lccopycat
050 00 - LIBRARY OF CONGRESS CALL NUMBER
Classification number PZ7.T2134
Item number Sh 2003
082 00 - DEWEY DECIMAL CLASSIFICATION NUMBER
Classification number [Fic]
Edition number 22
082 04 - DEWEY DECIMAL CLASSIFICATION NUMBER
Classification number 823.92
Edition number 21
100 1# - MAIN ENTRY--PERSONAL NAME
Personal name Taylor, G. P.
245 10 - TITLE STATEMENT
Title Shadowmancer /
Statement of responsibility, etc. G.P. Taylor.
250 ## - EDITION STATEMENT
Edition statement This edition published in 2005
260 ## - PUBLICATION, DISTRIBUTION, ETC.
Place of publication, distribution, etc. Ontario :
Name of publisher, distributor, etc. Penguin Books,
Date of publication, distribution, etc. 2003
300 ## - PHYSICAL DESCRIPTION
Extent 275 pages :
Dimensions 21 cm
520 ## - SUMMARY, ETC.
Summary, etc. When Obadiah Demurral, the power-hungry Vicar of Thorpe, attempts to become a god by dabbling in magic, Raphah (who has come from Africa to get back the artifact stolen from his Temple and sold to Demurral) joins forces with Kate and Thomas to stop him.
650 #1 - SUBJECT ADDED ENTRY--TOPICAL TERM
Topical term or geographic name entry element Magic
Form subdivision Fiction.
650 #1 - SUBJECT ADDED ENTRY--TOPICAL TERM
Topical term or geographic name entry element Fantasy.
651 #1 - SUBJECT ADDED ENTRY--GEOGRAPHIC NAME
Geographic name England
Form subdivision Fiction.
655 #7 - INDEX TERM--GENRE/FORM
Genre/form data or focus term Fantasy fiction.
Source of term gsafd
655 #7 - INDEX TERM--GENRE/FORM
Genre/form data or focus term Young adult fiction.
Source of term lcsh
906 ## - LOCAL DATA ELEMENT F, LDF (RLIN)
a 7
b cbc
c copycat
d 2
e ncip
f 20
g y-gencatlg
942 ## - ADDED ENTRY ELEMENTS (KOHA)
Source of classification or shelving scheme Dewey Decimal Classification
Koha item type Books
Suppress in OPAC No
Holdings
Withdrawn status Lost status Source of classification or shelving scheme Damaged status Not for loan Collection Home library Current library Shelving location Date acquired Total Checkouts Full call number Barcode Date last seen Price effective from Koha item type
    Dewey Decimal Classification     Fiction Footprints International School Library Network Toul Kork Campus Footprints International School Library Network Toul Kork Campus   02/02/2024   TAY Fic PZ7.T2134 FIS03567 02/02/2024 02/02/2024 Books